01078nas a2200313 4500001001300000003000900013005001700022007000300039008003400042040005400076041000900130072000800139100001800147100001800165100002500183245008800208650001700296650002300313650002100336650001500357650002200372650001800394650001500412773010400427909004000531942001800571999001900589952015600608BR2012004137BR-BrBNA20231205120712.0ta230509b bl.|||p| |||| 00| 00por d aBR-BrBNAbporcBiblioteca Nacional de Agricultura a(Pt) aH201 aSilva, M.R.L.1 aCanteri, M.G.1 aLeite Júnior, R.P.1 aInseticida neonicotinóide induz resistência ao cancro cítrico em laranja doce aLARANJA DOCE aDOENÇA DE PLANTA aCANCRO CÍTRICO aBACTÉRIA aXANTHOMONAS CITRI aRESISTÊNCIA aINSETICIDA0 tTropical Plant Pathology (Brazil)xISSN 1982-5676g(Jan-Feb 2012), v. 37 (1) p. 65-75wBR2012004137 a202311bLúciac55dLúcia Elande 2AGRISn0cANA c219849d219849 002AGRIS4071a41918b41918cPeriódicos Agrícolash(Jan-Feb 2012), v. 37 (1) p. 65-75l0r2023-11-29t01yCRePortaria Interministerial nº 164/94